Hospodárske a finančné riziká v poľnohospodárstve a poistná politika aplikovaná pre toto odvetvie

Účinnosť systému poistenia v poľnohospodárstve je obmedzená, pretože kryje len škody vybraných rizík. Kompenzácia škôd peňažnými prostriedkami z rozpočtovej kapitoly Ministerstva poľnohospodárstva SR. Podpora poisťovania poľnohospodárskych podnikov je deklarovaná v zákone o poľnohospodárstve.

Salvato in:
Dettagli Bibliografici
Autore principale: Koščo, Tibor
Altri autori: Dovalová, Iveta
Natura: Capitolo di libro
Lingua:slovacco
Soggetti:
Tags: Aggiungi Tag
Nessun Tag, puoi essere il primo ad aggiungerne!!

MARC

LEADER 00000naa a2200000 4500
001 r042125
005 20230929064650.3
041 0 |a slo 
044 |a SK 
245 1 0 |a Hospodárske a finančné riziká v poľnohospodárstve a poistná politika aplikovaná pre toto odvetvie  |c Tibor Koščo, Iveta Dovalová 
520 |a Účinnosť systému poistenia v poľnohospodárstve je obmedzená, pretože kryje len škody vybraných rizík. Kompenzácia škôd peňažnými prostriedkami z rozpočtovej kapitoly Ministerstva poľnohospodárstva SR. Podpora poisťovania poľnohospodárskych podnikov je deklarovaná v zákone o poľnohospodárstve. 
610 2 0 |a poľnohospodárstvo 
610 2 0 |a politika poistná 
610 2 0 |a riziko 
610 2 0 |a poistenie poľnohospodárske 
100 1 |a Koščo, Tibor 
700 1 |a Dovalová, Iveta